000 02193nkm a2200457 c 4500
003 BLK
005 20180421002123.0
008 180412b bul rap|r|||| r0| ||bulo|
010 _aKNG00184012000
040 _aBLK
041 _aRUS
_cRUS
_hENG
080 _aПриложно изкуство. Художествени занаяти. Интериор. Дизайн. Играчки. Худож. пространствено оформление
_b745/749
_x(470)
_z745/749(470)
080 _aХудожествена керамика. Грънчарско изкуство
_b738
_x(470)
_z738(470)
080 _aХудожествена обработка на метали
_b739
_x(470)
_z739(470)
100 1 _aКучумов, Анатолий Михайлович
_eпърви автор
_986067
139 _aКучумов, Анатолий Михайлович
_bК 94
245 1 0 _aРусское декоративно-прикладное искусство в собрании Павловского двореца - музея
_cАнатолий Михайлович Кучумов.
246 1 1 _aRussian Decorative Art in the Collection of the Pavlovsk Palace Museum
257 _aRUS
260 Ленинград
_bХудожник РСФСР
_c1981
300 _a380 с.
_bс ил.
_c31 см
380 _a7
500 _aСписък на ил. - Именен указ. - Рез. на англ. - 20 000 тир.
650 4 _aПриложно и декоративно изкуство, руско
_9314070
650 4 _aКерамика, художествена
_9300195
650 4 _aХудожествена обработка на метали
_9304872
651 4 _aРусия
_9179465
653 _aприложно изкуство
653 _aдекоративно изкуство
653 _aприложно изкуство
653 _aмебели
653 _aосветление
653 _aстъкло
653 _aпорцелан
653 _aметали
852 _aЦб Гр А ІІ 2863
856 4 _qpdf
_u
856 4 _qpdf
_u
942 _cGRA
_n0
944 _aCR
_c22.10.2015
_kКамелия_Данева
944 _aED
_c22.10.2015
_kКамелия_Данева
999 _c211520
_d211520